000 00804nam a22002537a 4500
003 BCEG
005 20260327132725.0
008 260327b |||||||| |||| 00| 0 spa d
020 _a9786071687302
040 _aBCEG
_bspa
_cBCEG
082 _aI823.9
_bJ453d
100 1 _aJeffers, Oliver,
_d1977-.
245 1 0 _aDónde esconder una estrella.
260 _aCiudad de México :
_bFondo de Cultura Económica,
_c2025.
300 _a[56] p. :
_bil.
490 _aLos Especiales de A la Orilla del Viento.
534 _pTítulo original:
_tWhere to hide a star.
535 _aDisponible en la colección infantil de 7-9 años.
541 _aCompra.
650 1 4 _aCuentos infantiles estadounidenses.
700 1 _aRosa, Horacio de la,
_edir.
700 1 _aFigueroa León, Susana,
_eed.
942 _cBK
999 _c437151
_d437151